[Event "BL2-N9091"]
[Site "Germany"]
[Date "1991.??.??"]
[Round "?"]
[White "Loeffler, Stefan"]
[Black "Lingnau, Carsten"]
[Result "0-1"]
[WhiteElo "2285"]
[BlackElo "2225"]

1.Nf3 Nf6 2.g3 g6 3.Bg2 Bg7 4.c4 O-O 5.Nc3 d5 6.cxd5 Nxd5 7.O-O Nc6 8.Ng5 e6
9.d3 b6 10.Nge4 Bb7 11.Bg5 f6 12.Bd2 Nde7 13.b4 a6 14.a4 Kh8 15.Qb1 e5 16.a5 Nd4
17.e3 Nb5 18.Nxb5 axb5 19.axb6 Rxa1 20.Qxa1 cxb6 21.Bc3 Qd5 22.f4 Ra8 23.Qc1 f5
24.Bxe5 fxe4 25.Bxe4 Qd7 26.Qb2 Nc6 27.Bxc6 Bxc6 28.Rc1 Rc8 29.e4 Kg8 30.Bxg7 Qxg7
31.Qxg7+ Kxg7 32.Kf2 Kf7 33.Ke3 Ke7 34.d4 Kd7 35.d5 Bb7 36.Rxc8 Bxc8 37.Kd4 Ke7
38.Ke5 Bh3 39.Kd4 Bg2 40.Ke5  0-1

[Event "BL2-S9091"]
[Site "Germany"]
[Date "1991.??.??"]
[Round "?"]
[White "Kerpf, Bernhard"]
[Black "Zollbrecht, Josef"]
[Result "0-1"]
[WhiteElo "2215"]
[BlackElo "2255"]

1.Nf3 Nf6 2.c4 g6 3.g3 Bg7 4.Bg2 O-O 5.O-O Nc6 6.d4 d5 7.cxd5 Nxd5 8.e4 Nb6
9.d5 Na5 10.Nc3 c6 11.dxc6 Nxc6 12.h3 Be6 13.Re1 Qc8 14.Kh2 Rd8 15.Qc2 Nb4
16.Qb1 Bc4 17.Bf1 Nd3 18.Rd1 Nxf2 19.Rxd8+ Qxd8 20.Bg5 Qd7 21.Bg2 Nd3 22.Qc2 Nb4
23.Qf2 Qe6 24.Be3 Nd3 25.Qc2 Rc8 26.Bd4 Ne5 27.Nxe5 Bxe5 28.Bxe5 Qxe5 29.Qf2 Rd8
30.a4 h5 31.h4 Be6 32.a5 Nc4 33.Nd5 Kg7 34.Qxa7 Qxb2 35.Rd1 Bg4 36.Qd4+ Qxd4
37.Rxd4 Nxa5 38.Rb4 e6 39.Ne3 Be2 40.e5 Rd3  0-1

[Event "BL2-S9091"]
[Site "Germany"]
[Date "1991.??.??"]
[Round "?"]
[White "Mandl, Robert"]
[Black "Sick, Oliver"]
[Result "1-0"]
[WhiteElo "2350"]
[BlackElo "2345"]

1.c4 g6 2.g3 Bg7 3.Bg2 Nf6 4.Nf3 O-O 5.O-O d6 6.Nc3 c6 7.d4 Qa5 8.h3 Be6
9.Qd3 Qa6 10.b3 d5 11.Ne5 dxc4 12.Nxc4 Nd5 13.Ne4 Bf5 14.Bb2 Nd7 15.Rfd1 Rfd8
16.e3 b5 17.Ncd2 Qb6 18.g4 Bxe4 19.Nxe4 e5 20.Rac1 a5 21.a3 Ne7 22.g5 Nf8
23.Nf6+ Bxf6 24.gxf6 Nd5 25.dxe5 Nf4 26.Qc2 Nxg2 27.Kxg2 Rac8 28.Rxd8 Qxd8
29.Rd1 Qc7 30.Qc5 Ne6 31.Qe7 c5 32.Rd6 Qxe7 33.fxe7 Re8 34.Rd7 b4 35.f4 Kg7
36.a4 c4 37.bxc4 Nc5 38.Ra7 Nxa4 39.Bd4 b3 40.Rxa5 b2 41.Rb5 Rxe7 42.Bxb2 Rc7
43.Bd4 Rxc4 44.e6+ Kf8 45.Rb8+ Ke7 46.exf7 Kxf7 47.Rb7+ Kf8 48.Rxh7 Nc3 49.Bxc3 Rxc3
50.Kf3 Kg8 51.Re7 Kf8 52.Ra7 Rc1 53.Ke4 Rh1 54.Ke5 Rxh3 55.Kf6 Ke8 56.Ra8+ Kd7
57.Kxg6 Rxe3 58.f5 Rg3+ 59.Kf7 Rb3 60.f6 Rb7 61.Kg8 Rb1 62.f7  1-0

[Event "BL2-SW9091"]
[Site "Germany"]
[Date "1991.??.??"]
[Round "?"]
[White "Sandmeier, Toni"]
[Black "Herbrechtsmeier, Christof"]
[Result "1/2-1/2"]
[WhiteElo "2255"]
[BlackElo "2290"]

1.c4 Nf6 2.Nf3 g6 3.g3 Bg7 4.Bg2 O-O 5.O-O d5 6.cxd5 Nxd5 7.Nc3 Nc6 8.d4 Nb6
9.e3 e5 10.d5 Na5 11.Nd2 f5 12.Qe2 c5 13.e4 Bd7 14.b3 Rc8 15.Ba3 Rf7 16.Rac1 Qe8
17.Rfd1 f4 18.Bf3 fxg3 19.hxg3 a6 20.Ncb1  1/2-1/2

[Event "BL2-N9091"]
[Site "Germany"]
[Date "1991.??.??"]
[Round "?"]
[White "Glienke, Manfred"]
[Black "Joecks, Christian"]
[Result "1/2-1/2"]
[WhiteElo "2275"]
[BlackElo "2355"]

1.c4 g6 2.Nf3 Bg7 3.g3 Nf6 4.Bg2 O-O 5.O-O c6 6.d3 d5 7.Nbd2 Re8 8.Rb1 e5
9.b4 e4 10.Ne1 Bf5 11.Rb3 Na6 12.cxd5 cxd5 13.Nc2 Qd7 14.Bb2 exd3 15.exd3 Bh3
16.Nf3 Bxg2 17.Kxg2 Rac8 18.Ne3 Ng4 19.Nxg4 Qxg4 20.Bxg7 Kxg7 21.Qa1+ Kg8
22.Qd4 Qxd4 23.Nxd4 Nc7 24.Ra3 a6 25.Ra5 b6 26.Ra3 Nb5 27.Nxb5 axb5 28.Ra6 Re6
29.Rd1 Rc2 30.Ra8+ Kg7 31.Rd8 Re5 32.Rd6 Rxa2 33.Rxb6 Ree2 34.Rf1 Red2 35.Rxb5 Rxd3
36.Rb7 Rb2 37.h4 h5 38.Kg1 d4 39.b5 Rdb3 40.Rd1 Rxb5  1/2-1/2

[Event "BL2-SW9091"]
[Site "Germany"]
[Date "1991.??.??"]
[Round "?"]
[White "Siegel, Georg"]
[Black "Schaack, Harry"]
[Result "1-0"]
[WhiteElo "2300"]
[BlackElo "2290"]

1.c4 Nf6 2.Nf3 g6 3.g3 Bg7 4.Bg2 O-O 5.d4 d6 6.Nc3 Nc6 7.O-O a6 8.h3 Rb8
9.e4 b5 10.e5 dxe5 11.dxe5 Qxd1 12.Rxd1 Nd7 13.e6 fxe6 14.cxb5 axb5 15.Be3 Nd8
16.Rd2 Nf6 17.Ne5 b4 18.Na4 Nd5 19.Bd4 Ra8 20.b3 Nf7 21.Nc6 Re8 22.Bxg7 Kxg7
23.Nxb4 Ra5 24.Nc6 Ra6 25.Nd4 Nf6 26.Nb5 Rd6 27.Nxd6 exd6 28.Nc3 c5 29.a4 d5
30.a5 Ba6 31.Na4 Nd7 32.Rc2 c4 33.bxc4 Bxc4 34.Rxc4 dxc4 35.a6 e5 36.a7 e4
37.Bxe4  1-0

[Event "BL2-W9091"]
[Site "Germany"]
[Date "1991.??.??"]
[Round "?"]
[White "Schwarz, Michael"]
[Black "Stoeber, Michael"]
[Result "1-0"]
[WhiteElo "2315"]
[BlackElo "2270"]

1.c4 Nf6 2.g3 g6 3.Bg2 Bg7 4.Nf3 O-O 5.O-O d6 6.d4 Nc6 7.Nc3 a6 8.h3 Rb8
9.Be3 Bd7 10.Rc1 b5 11.Nd2 Ne8 12.cxb5 axb5 13.Nb3 Qc8 14.Kh2 e6 15.d5 Ne5
16.Ba7 Ra8 17.dxe6 fxe6 18.Bxa8 Qxa8 19.Bd4 Bc6 20.Bxe5 Bxe5 21.f4 Bg7 22.Nd4 Bd7
23.Ndxb5 Rf5 24.Nxc7 Nxc7 25.Qxd6 Qc6 26.Qxc6 Bxc6 27.Nb1  1-0

[Event "Aandalucia-ch"]
[Site "Granada"]
[Date "1991.??.??"]
[Round "2"]
[White "Ferrer Pulido, Julio"]
[Black "Garcia Luque, Agustin"]
[Result "1/2-1/2"]
[WhiteElo "2215"]
[BlackElo "2280"]

1.Nf3 Nf6 2.c4 g6 3.g3 Bg7 4.Bg2 O-O 5.d4 d6 6.O-O Nbd7 7.Nc3 e5 8.h3 Re8
9.Re1 exd4 10.Nxd4 Nc5 11.Qc2 a5 12.e4 Bd7 13.Be3 Qc8 14.Kh2 Re5 15.Nde2 Rh5
16.Nf4 Ng4+ 17.Kg1 Nxe3 18.Rxe3 Re5 19.Kh2 Qd8 20.Re2 a4 21.Nd3 Nxd3 22.Qxd3 Be6
23.Rd1 Rc5 24.Nd5 Rb8 25.Rc2 b5 26.b4 axb3 27.axb3 bxc4 28.bxc4 Kf8 29.Ra2 Rb7
30.Rdd2 Qb8 31.Ra3 Ra7 32.Rda2 Rxa3 33.Rxa3 Bxd5 34.exd5 Bf6 35.Rb3 Qe8 36.Bf1 Ra5
37.Qd2 Ra1 38.Re3 Qa4 39.Re1 Ra2 40.Qh6+ Kg8 41.Kg2 Bd4 42.Re2 Rxe2 43.Bxe2 Qc2
44.Qf4 Bb6 45.Qf3  1/2-1/2

[Event "Groningen op"]
[Site "Groningen"]
[Date "1991.??.??"]
[Round "6"]
[White "Jirovsky, Milos"]
[Black "Zueger, Beat"]
[Result "1/2-1/2"]
[WhiteElo "2310"]
[BlackElo "2430"]

1.Nf3 Nf6 2.c4 g6 3.g3 Bg7 4.Bg2 O-O 5.O-O d6 6.d4 c6 7.Nc3 a6 8.a4 a5 9.d5 Qb6
10.h3 Na6 11.e4 Nc5 12.Re1 e5 13.Rb1 cxd5 14.cxd5 Bd7 15.Be3 Qb4 16.Nd2 Nd3
17.Rf1 Rfc8 18.Qb3 Nxb2 19.Rxb2 Qxc3 20.Qa2 Bxa4 21.Rxb7 Be8 22.Nb1 Qc4 23.Qa3 Bf8
24.Rc1 Qa6 25.Rb6 Rxc1+ 26.Qxc1 Qc8 27.Nc3 a4 28.Qa3 Rb8 29.Rb4 Rxb4 30.Qxb4 Qa8
31.Bf3 a3 32.Qb3 Qa5 33.Kg2 Nd7  1/2-1/2

[Event "Hartberg op"]
[Site "Hartberg"]
[Date "1991.??.??"]
[Round "3"]
[White "Znamenacek, Kvetoslav"]
[Black "Tseitlin, Mark D"]
[Result "1-0"]
[WhiteElo "2340"]
[BlackElo "2435"]

1.Nf3 Nf6 2.c4 g6 3.g3 Bg7 4.Bg2 O-O 5.O-O d6 6.d4 Nbd7 7.Qc2 e5 8.Rd1 Re8
9.e4 exd4 10.Nxd4 Nc5 11.Nc3 Bd7 12.h3 Qc8 13.Kh2 Re5 14.Nde2 Rh5 15.Nf4 Re5
16.Be3 Ne6 17.Ncd5 Nxf4 18.Bxf4 Re8 19.Rac1 Be6 20.Bg5 Nd7 21.b4 a5 22.a3 axb4
23.axb4 f6 24.Be3 Bf7 25.Bd4 c6 26.Ne3 Ne5 27.Bb2 Qe6 28.f4 Nd7 29.Rd2 Nb6
30.c5 dxc5 31.bxc5 Na4 32.Rd6 Qb3 33.Qxb3 Bxb3 34.Bxf6 Bxf6 35.Rxf6 Ra5 36.f5 Bf7
37.Ra1 Ra6 38.Ng4 Kg7 39.Rd6 gxf5 40.exf5 Re2 41.Kg1 Nxc5 42.Rxa6 Nxa6 43.Bf1 Re1
44.Kf2 Re8 45.Bxa6 bxa6 46.Rxc6 h5 47.Nh6 Ra8 48.Nxf7 Kxf7 49.Kf3 a5 50.Rc7+ Kg8
51.Rc3 a4 52.Ra3 Kf7 53.Kf4 Kf6 54.g4 hxg4 55.hxg4 Ra5 56.g5+ Kg7 57.Ke4 Ra7
58.Kf4 Ra8 59.Kg4 Ra5 60.Kf4 Ra8 61.Kg3 Ra5 62.Kg4 Ra8 63.f6+ Kf7 64.Rh3 Ra6
65.Rh7+ Kg8 66.Rc7 a3 67.Kf5 a2 68.Rc8+  1-0

[Event "Hartberg op"]
[Site "Hartberg"]
[Date "1991.??.??"]
[Round "5"]
[White "Cvitan, Ognjen"]
[Black "Robovic, Saudin"]
[Result "1-0"]
[WhiteElo "2535"]
[BlackElo "2340"]

1.Nf3 Nf6 2.c4 g6 3.g3 Bg7 4.Bg2 O-O 5.O-O d6 6.d4 Nbd7 7.Nc3 e5 8.e4 a6
9.Re1 exd4 10.Nxd4 Ng4 11.h3 Qf6 12.hxg4 Qxd4 13.Qxd4 Bxd4 14.Nd5 Ne5 15.Nxc7 Rb8
16.Be3 Bxe3 17.Rxe3 Nxc4 18.Rd3 Bxg4 19.Rd4 Ne5 20.f4 Nc6 21.Rxd6 Rfd8 22.Rxd8+ Rxd8
23.Nd5 Be6 24.Rc1 Kg7 25.a3 Rd7 26.Rc5 Ne7 27.Nxe7 Rxe7 28.Kf2 Rd7 29.Ke3 Kf6
30.e5+ Ke7 31.a4 f6 32.b4 fxe5 33.fxe5 Kd8 34.a5 g5 35.b5 axb5 36.Rxb5 Kc8
37.Rb6 Re7 38.Kd4 h5 39.Bd5 Bf5 40.e6 h4 41.Ke5 Bd3 42.Kf6  1-0

[Event "Helsingborg-A"]
[Site "Helsingborg"]
[Date "1991.??.??"]
[Round "?"]
[White "Ekelund, Peter"]
[Black "Moberg, Karl Johan"]
[Result "0-1"]
[WhiteElo "2310"]
[BlackElo "2200"]

1.Nf3 Nf6 2.g3 g6 3.c4 Bg7 4.Bg2 O-O 5.O-O d5 6.cxd5 Nxd5 7.d4 Nb6 8.Na3 Nc6
9.Be3 e5 10.dxe5 Nxe5 11.Qc1 Nxf3+ 12.Bxf3 c6 13.Rd1 Qf6 14.Bd4 Qf5 15.Bxg7 Kxg7
16.Rd4 Be6 17.Rh4 h5 18.Nc2 Qc5 19.g4 hxg4 20.Qh6+ Kf6 21.Qf4+ Qf5 22.Rxg4 Qxf4
23.Rxf4+ Ke7 24.Nd4 Bd5 25.e4 Be6 26.Nxe6 Kxe6 27.Re1 Rad8 28.Bd1 Rd2 29.Bb3+ Ke7
30.e5 Nd5 31.Bxd5 Rxd5 32.Rfe4 Ke6 33.f4 Rd2 34.R1e2 Rfd8 35.Kf2 Rxe2+ 36.Kxe2 Rh8
37.Rb4 Rxh2+ 38.Kf3 b5 39.Kg4 Rd2 40.a4 a5 41.Rb3 b4 42.Rg3 Rxb2 43.Rd3 Ke7
44.Kg5 Rc2 45.Kh6 Rc3 46.Rd6 b3 47.Kg7 b2 48.Rf6 b1=Q 49.Rxf7+ Ke6 50.Rf6+ Kd5
51.Rd6+ Kc5 52.Rxg6 Qf5 53.e6 Qxf4  0-1

[Event "Helsinki HM"]
[Site "Helsinki"]
[Date "1991.??.??"]
[Round "2"]
[White "Kekki, Jorma"]
[Black "Ebeling, Mika"]
[Result "1/2-1/2"]
[WhiteElo "2295"]
[BlackElo "2275"]

1.Nf3 Nf6 2.c4 g6 3.g3 Bg7 4.Bg2 O-O 5.O-O d5 6.cxd5 Nxd5 7.d4 Nb6 8.Nc3 Nc6
9.d5 Na5 10.e4 c6 11.Bg5 Nac4 12.dxc6 Qxd1 13.Nxd1 Nxb2 14.Nxb2 Bxb2 15.Rab1 Bf6
16.Bh6 Bg7 17.Bxg7 Kxg7 18.c7 Be6 19.Rb2 Rfc8 20.Rc1 Bd7 21.Nd4 Bc6 22.Nb5 Nd7
23.Nc3 Ne5 24.Rd2 Rxc7 25.f4 Ng4 26.h3 Nf6 27.e5 Bxg2 28.exf6+ exf6 29.Kxg2 Rac8
30.Rb1 Rxc3 31.Rxb7 Rc2 32.Rb2 Rxb2 33.Rxb2 Rc3 34.h4 f5 35.h5 Kh6 36.Rb7 Rc2+
37.Kh3 Rxa2 38.Rxf7 Ra1 39.hxg6 hxg6 40.g4 Ra3+ 41.Kh4 fxg4 42.Kxg4 a5 43.Ra7 Ra1
44.Ra6 a4 45.f5 a3 46.Kg3 a2 47.Kg2 Rb1 48.Rxa2 gxf5 49.Ra3 Kg5 50.Kf3 Rf1+
51.Kg2 Rf4 52.Kg3 Rh4 53.Ra8 f4+ 54.Kf3 Rh3+ 55.Kf2 Rb3  1/2-1/2

[Event "HUN-chT"]
[Site "HUN"]
[Date "1991.??.??"]
[Round "?"]
[White "Hever, Miklos"]
[Black "Soos, Arpad"]
[Result "1/2-1/2"]
[WhiteElo "2330"]
[BlackElo "2320"]

1.Nf3 Nf6 2.c4 g6 3.g3 Bg7 4.Bg2 O-O 5.O-O d6 6.d4 Nbd7 7.Nc3 e5 8.e3 c6
9.b3 Re8 10.Ba3 Bf8 11.Qd2 Qa5 12.Na4 Qxd2 13.Nxd2 exd4 14.exd4 Nb6 15.Nc3 Bf5
16.Rfe1 Bh6 17.Nde4 Bxe4 18.Nxe4 Nxe4 19.Rxe4 Rxe4 20.Bxe4 d5 21.cxd5 Nxd5
22.Bf3 Rd8 23.Re1 Bf8 24.Bc5 b6 25.Bxf8 Kxf8 26.Rc1 Ne7 27.Rc4 Rd6 28.Kf1 Ke8
29.g4 h6 30.Ke2 Kd7 31.a4 a6 32.Kd3 Rf6 33.Ke3 Re6+ 34.Kd2 Rd6 35.Kd3 Rf6
36.Ke3 Re6+  1/2-1/2

[Event "Jyvaskyla op"]
[Site "Jyvaskyla"]
[Date "1991.??.??"]
[Round "4"]
[White "Kengis, Edvins"]
[Black "Ebeling, Mika"]
[Result "1-0"]
[WhiteElo "2545"]
[BlackElo "2275"]

1.Nf3 Nf6 2.c4 g6 3.g3 Bg7 4.Bg2 O-O 5.d4 d5 6.O-O dxc4 7.Na3 Na6 8.Nxc4 c5
9.dxc5 Be6 10.Qxd8 Rfxd8 11.Na5 Bd5 12.Be3 Ne4 13.Ng5 Nexc5 14.Rad1 Bxg2
15.Kxg2 Rxd1 16.Rxd1 Bxb2 17.Nxb7 Nxb7 18.Rb1 Nd6 19.Rxb2 h6 20.Nf3 Nc4 21.Rb3 Nxe3+
22.Rxe3 Nb4 23.a3 Nd5 24.Rb3 Rc8 25.Rb5 e6 26.Ra5 Rc7 27.Nd4 Kg7 28.Ra6 Rb7
29.Kf3 Nc7 30.Ra5 a6 31.Ke4 Rb6 32.a4 Nd5 33.Kd3 Nc7 34.Kc4 Rd6 35.Rc5 Nd5
36.a5 Ne7 37.e4 Kf8 38.Rc7 e5 39.Nb3 f6 40.f4 exf4 41.gxf4 g5 42.f5 h5 43.Nd4 g4
44.Kc5  1-0

[Event "Jyvaskyla op"]
[Site "Jyvaskyla"]
[Date "1991.??.??"]
[Round "4"]
[White "Kochyev, Alexander"]
[Black "Kivipelto, Kaj Erik"]
[Result "1-0"]
[WhiteElo "2500"]
[BlackElo "2270"]

1.Nf3 Nf6 2.g3 g6 3.Bg2 Bg7 4.c4 O-O 5.d4 d6 6.O-O Nc6 7.d5 Na5 8.Nbd2 c5
9.Ne1 b5 10.cxb5 a6 11.bxa6 Bxa6 12.Nc2 Nd7 13.Rb1 Nc4 14.Nxc4 Bxc4 15.b3 Bb5
16.a4 Ba6 17.b4 cxb4 18.Nxb4 Nc5 19.Nc6 Qd7 20.Be3 e6 21.dxe6 Qxe6 22.Nd4 Qc4
23.Rc1 Qb4 24.Bxa8 Rxa8 25.Nc6 Qg4 26.Qxd6 Nxa4 27.Ne7+ Kh8 28.Qc6  1-0

[Event "Karlsruhe Elo"]
[Site "Karlsruhe"]
[Date "1991.??.??"]
[Round "7"]
[White "Maiwald, Jens Uwe"]
[Black "Collas, Didier"]
[Result "0-1"]
[WhiteElo "2210"]
[BlackElo "2315"]

1.Nf3 Nf6 2.c4 g6 3.g3 Bg7 4.Bg2 O-O 5.d4 c5 6.O-O d6 7.d5 b5 8.cxb5 a6 9.b6 Nbd7
10.Nc3 Nxb6 11.e4 Bb7 12.Re1 Qc7 13.Qc2 Rad8 14.a4 Nfd7 15.Bg5 Ne5 16.Nxe5 Bxe5
17.a5 Na8 18.f4 Bd4+ 19.Kh1 Bg7 20.Re2 h6 21.Bh4 Qd7 22.h3 Nc7 23.g4 Rb8
24.Rd1 e6 25.Qa4 Nb5 26.e5 dxe5 27.fxe5 exd5 28.Nxd5 Kh8 29.Bf6 Qe6 30.Nf4 Bxg2+
31.Rxg2 Qc6 32.g5 hxg5 33.Nd5 Qe6 34.Rg4 Nd4 35.Rdxd4 cxd4 36.Qxd4 Bxf6 37.Nxf6 Rfd8  0-1

[Event "Katowice op"]
[Site "Katowice"]
[Date "1991.??.??"]
[Round "4"]
[White "Ionov, Sergey"]
[Black "Urban, Klaudiusz"]
[Result "1-0"]
[WhiteElo "2515"]
[BlackElo "2395"]

1.Nf3 Nf6 2.c4 g6 3.g3 Bg7 4.Bg2 O-O 5.O-O d5 6.cxd5 Nxd5 7.d4 Nb6 8.Nc3 Nc6
9.e3 e5 10.d5 Na5 11.e4 c6 12.Bg5 f6 13.Be3 cxd5 14.exd5 Rf7 15.Bc5 Bg4 16.b3 f5
17.Bb4 Nac4 18.bxc4 e4 19.Rc1 exf3 20.Bxf3 Bxf3 21.Qxf3 Nxc4 22.Nb5 Ne5 23.Qb3 a5
24.Bd6 a4 25.Qe3 f4 26.gxf4 Ng4 27.Qe6 Qh4 28.f5 Qg5 29.fxg6 Ne5+ 30.Kh1 Nxg6
31.Rc7 Qf6 32.f4 Nf8 33.Qxf6 Rxf6 34.Be5 Rg6 35.Rxb7 Re8 36.Nd6 Rd8 37.Nf5 Bxe5
38.fxe5  1-0

[Event "Katowice op"]
[Site "Katowice"]
[Date "1991.??.??"]
[Round "7"]
[White "Ionov, Sergey"]
[Black "Zezulkin, Jurij"]
[Result "1/2-1/2"]
[WhiteElo "2515"]
[BlackElo "2385"]

1.Nf3 Nf6 2.c4 g6 3.g3 Bg7 4.Bg2 O-O 5.d4 d5 6.cxd5 Nxd5 7.O-O Nb6 8.Nc3 Nc6
9.e3 Re8 10.Qe2 e5 11.Nxe5 Nxe5 12.dxe5 Bxe5 13.Rd1 Qe7 14.e4 c6 15.Be3 Be6
16.Bd4 Bxd4 17.Rxd4 Rad8 18.Rad1 Rxd4 19.Rxd4 Qc5 20.Qd1 Nc4 21.Na4 Qa5 22.b3 c5
23.Nxc5 Qxc5 24.bxc4 Bxc4 25.a4 b5  1/2-1/2

[Event "Kemerovo"]
[Site "Kemerovo"]
[Date "1991.??.??"]
[Round "?"]
[White "Shuraev, Andrei"]
[Black "Grechihin, Valery"]
[Result "1/2-1/2"]
[WhiteElo "2360"]
[BlackElo "2340"]

1.Nf3 Nf6 2.g3 g6 3.Bg2 Bg7 4.c4 O-O 5.Nc3 d6 6.d4 Nc6 7.O-O a6 8.b3 Rb8
9.Bb2 b5 10.cxb5 axb5 11.Rc1 Bd7 12.Ne1 Na5 13.Qd2 c5 14.dxc5 dxc5 15.Nd5 Nxd5
16.Bxg7 Kxg7 17.Qxd5 c4 18.b4 Nc6 19.Nc2 Qc7 20.Rfd1 Rfd8 21.Qc5 Be8 22.Rxd8 Qxd8
23.Bxc6 Bxc6 24.Qxc6 Qd2 25.Rf1 Qxc2 26.Qc7 Re8 27.Qe5+ Kg8 28.Qxb5 Rd8 29.Qe5 c3
30.b5 Rd1 31.Qb8+ Kg7 32.Qe5+ Kg8 33.Qb8+ Kg7  1/2-1/2

[Event "JUG-ch"]
[Site "Kladovo"]
[Date "1991.??.??"]
[Round "6"]
[White "Paunovic, Dragan"]
[Black "Brkovic, Zoran"]
[Result "1-0"]
[WhiteElo "2455"]
[BlackElo "2375"]

1.Nf3 Nf6 2.c4 g6 3.g3 Bg7 4.Bg2 O-O 5.O-O d6 6.d4 Nbd7 7.Qc2 e5 8.Rd1 Re8
9.e4 exd4 10.Nxd4 Nc5 11.Nc3 Ng4 12.h3 Ne5 13.b3 a5 14.Be3 a4 15.Rab1 axb3
16.axb3 Bd7 17.Nd5 g5 18.Nf5 Bxf5 19.exf5 c6 20.Nc3 Qe7 21.g4 Ra3 22.Bc1 Nxc4
23.Na4 Rxa4 24.bxa4 d5 25.Rb4 Nd3 26.Rxc4 dxc4 27.Qxc4 Qe2 28.Rxd3 Qe1+ 29.Bf1 Bf6
30.Re3  1-0

[Event "JUG-ch"]
[Site "Kladovo"]
[Date "1991.??.??"]
[Round "13"]
[White "Cvitan, Ognjen"]
[Black "Paunovic, Dragan"]
[Result "1/2-1/2"]
[WhiteElo "2535"]
[BlackElo "2455"]

1.Nf3 Nf6 2.c4 g6 3.g3 Bg7 4.Bg2 O-O 5.O-O d6 6.d4 c6 7.Nc3 Bf5 8.b3 Ne4
9.Bb2 Nxc3 10.Bxc3 Be4  1/2-1/2

[Event "Kobanya op"]
[Site "Kobanya"]
[Date "1991.??.??"]
[Round "8"]
[White "Fokin, Sergey"]
[Black "Loginov, Valery A"]
[Result "1/2-1/2"]
[WhiteElo "2320"]
[BlackElo "2530"]

1.Nf3 Nf6 2.c4 g6 3.g3 Bg7 4.Bg2 O-O 5.O-O d6 6.d4 c6 7.Nc3 Nbd7 8.e4 e5
9.h3 Qb6 10.b3 exd4 11.Na4 Qa5 12.Nxd4 Re8 13.Re1 Nxe4 14.Rxe4 Rxe4 15.Bxe4 Qe5
16.Bg2 Qxd4 17.Bb2 Qxd1+ 18.Rxd1 Bf8 19.Ba3 Nb6 20.Nxb6 axb6 21.Bxd6 Bxd6
22.Rxd6 Bf5 23.Rd2 Kf8 24.Kf1 Ke7 25.Ke2 g5 26.Ke3 h6 27.g4 Be6 28.f4 f6
29.Be4 Ra5 30.Bb1 h5 31.f5 Bf7 32.Be4 b5 33.c5 b4 34.Kd4 Ra8 35.Ke3 h4 36.Rc2 Ra5
37.Kd4 Kd7 38.Bf3 Ra8 39.Rd2 Kc7 40.Ke3 Bd5 41.Bxd5 cxd5 42.Rxd5 Rxa2 43.Rd3 Rc2
44.Kd4 Kc6 45.Re3 Kb5 46.Re6 Rd2+ 47.Ke4 Kxc5 48.Rxf6 Re2+ 49.Kd3 Rh2 50.Rg6 Rxh3+
51.Ke4 Rxb3 52.Rxg5 Kd6 53.Rg6+ Ke7 54.g5 Rb1 55.Rg7+ Kd6 56.Rxb7 h3 57.Rb6+ Kd7
58.Rh6 b3 59.Rh7+ Kd6 60.Rh6+ Kd7 61.Rh7+ Ke8 62.Kd4 Rc1 63.Rh8+ Kd7 64.Rh7+ Kd6
65.Rh6+ Ke7 66.Rh7+ Ke8 67.Rh8+ Kd7 68.Rh7+  1/2-1/2

[Event "Krumbach op"]
[Site "Krumbach"]
[Date "1991.??.??"]
[Round "8"]
[White "Maiwald, Jens Uwe"]
[Black "Thiel, Thomas"]
[Result "1/2-1/2"]
[WhiteElo "2210"]
[BlackElo "2220"]

1.Nf3 Nf6 2.c4 g6 3.g3 Bg7 4.Bg2 O-O 5.O-O d5 6.cxd5 Nxd5 7.Nc3 Nc6 8.Nxd5 Qxd5
9.d3 e5 10.Be3 Qd8 11.Bg5 Qd6 12.Rc1 Be6 13.Qa4 h6 14.Be3 Qd7 15.Rfe1 f5
16.b4 Rf7 17.Bc5 a6 18.Nd2 e4 19.Rcd1 exd3 20.Nf3 Ne5 21.Qxd7 Nxd7 22.Bd4 Bf8
23.exd3 Bxa2 24.Ra1 Bb3 25.Nd2 Bxb4 26.Reb1 Bxd2 27.Rxb3 Nb6 28.Bxb7 Rd8  1/2-1/2

[Event "Las Palmas op"]
[Site "Las Palmas"]
[Date "1991.??.??"]
[Round "6"]
[White "Eslon, Jaan"]
[Black "Reyes, Juan"]
[Result "1/2-1/2"]
[WhiteElo "2390"]
[BlackElo "2415"]

1.Nf3 Nf6 2.c4 g6 3.g3 Bg7 4.Bg2 O-O 5.O-O d6 6.Nc3 e5 7.d3 Nc6 8.Rb1 a5
9.Bg5 h6 10.Bxf6 Bxf6 11.a3 Bg7 12.b4 axb4 13.axb4 Ra3 14.Nb5 Ra8 15.Nc3 Ra3
16.Nb5  1/2-1/2

[Event "Lenk op"]
[Site "Lenk"]
[Date "1991.??.??"]
[Round "3"]
[White "Csom, Istvan"]
[Black "Vogt, Lothar"]
[Result "1/2-1/2"]
[WhiteElo "2480"]
[BlackElo "2510"]

1.Nf3 Nf6 2.c4 g6 3.g3 Bg7 4.Bg2 O-O 5.d4 d6 6.Nc3 Nbd7 7.O-O e5 8.h3 Re8
9.e4 exd4 10.Nxd4 Nc5 11.Re1 Bd7 12.Bf4 h6 13.Kh2 a6 14.Nb3 Na4 15.Nxa4 Bxa4
16.Qc1 Kh7 17.Bd2 Nd7 18.f4 Bxb3 19.axb3 Nc5 20.Qc2 Ne6 21.b4 Nd4 22.Qd3 Qd7
23.Bc3 Ne6 24.e5 Rad8 25.f5 gxf5 26.Qxf5+ Kg8 27.Rad1 b5 28.Be4 Nf8 29.Qxd7 Nxd7
30.exd6 cxd6 31.Rxd6 bxc4 32.Kg2 Ne5 33.Rxd8 Rxd8 34.Bb7 Nd3 35.Re2 Nc1 36.Re4 Bxc3
37.bxc3 Rd2+ 38.Kf3 Rd3+ 39.Re3 Rd6 40.Re4 Nb3 41.Kf4 Nd2 42.Re8+ Kg7 43.Be4 Rf6+
44.Ke3 Nf1+ 45.Kd4 Nxg3 46.Kxc4 Nxe4 47.Rxe4 Rc6+ 48.Kd4 f5 49.Re3 Kf6 50.c4 f4
51.Ra3 Kf5 52.c5 Re6 53.Kd5 Re5+ 54.Kd6 Re3 55.Rxe3 fxe3 56.c6 e2 57.c7 e1=Q
58.c8=Q+ Kf6 59.Qf8+ Kg6 60.Qg8+ Kf6 61.Qf8+ Kg6 62.Qf4 Qe2  1/2-1/2

[Event "POR-ch"]
[Site "Lisboa"]
[Date "1991.??.??"]
[Round "9"]
[White "Fernandes, Antonio"]
[Black "Ferreira, A."]
[Result "1-0"]
[WhiteElo "2455"]
[BlackElo "2135"]

1.Nf3 Nf6 2.c4 g6 3.g3 Bg7 4.Bg2 O-O 5.O-O d6 6.d4 Nc6 7.Nc3 a6 8.d5 Na5
9.Nd2 c5 10.Qc2 Rb8 11.b3 b5 12.Bb2 bxc4 13.bxc4 Bh6 14.f4 Ng4 15.Nd1 Rxb2
16.Qxb2 Bg7 17.Qc1 Bd4+ 18.Kh1 e5 19.Rb1 exf4 20.Rxf4 Be5 21.Rf1 Nxh2 22.Kxh2 Qh4+
23.Kg1 Qxg3 24.Nf3 Bf4 25.Qc3 Bh3 26.Rf2 Bf5 27.Rb2 h5 28.e3 Bh6 29.Qxa5 h4
30.Qe1 h3 31.Rf1 Qg4 32.Qh4 hxg2 33.Rxg2 Qxh4 34.Nxh4 Bh3 35.Nf5 Bxg2 36.Nxh6+ Kg7
37.Kxg2 Kxh6 38.Rf6 Kg5  1-0

[Event "Lombardia op"]
[Site "Lombardia"]
[Date "1991.??.??"]
[Round "?"]
[White "Ratti, Ruggero"]
[Black "Contini, Luca"]
[Result "1/2-1/2"]
[WhiteElo "2325"]
[BlackElo "2330"]

1.Nf3 Nf6 2.c4 g6 3.g3 Bg7 4.Bg2 O-O 5.O-O d6 6.d4 Nc6 7.Nc3 a6 8.Bd2 Rb8
9.Rc1 Bd7 10.b3 b5 11.d5 Na5 12.Nxb5 Nxb3 13.Qxb3 axb5 14.c5 e6 15.cxd6 cxd6
16.Bf4 e5 17.Bd2 Qb6 18.Bb4  1/2-1/2

[Event "London WFW"]
[Site "London"]
[Date "1991.??.??"]
[Round "?"]
[White "Davies, Nigel R"]
[Black "Byrne, Robert E"]
[Result "1/2-1/2"]
[WhiteElo "2500"]
[BlackElo "2465"]

1.Nf3 Nf6 2.c4 g6 3.g3 Bg7 4.Bg2 O-O 5.O-O d6 6.d4 Nc6 7.Nc3 a6 8.b3 Rb8
9.Nd5 Ne4 10.Bb2 f5 11.Qc2 e6 12.Ne3 Qe7 13.Rad1 Bd7 14.d5 Nd8 15.dxe6 Nxe6
16.Nd5 Qf7 17.Nd4 Rbe8 18.e3 Bc8 19.Ne2 Bxb2 20.Qxb2 Nf6 21.Nxf6+ Qxf6 22.Qxf6 Rxf6  1/2-1/2

[Event "Lyngby op"]
[Site "Lyngby"]
[Date "1991.??.??"]
[Round "1"]
[White "Trichkov, Vasil"]
[Black "Mortensen, Erling"]
[Result "1-0"]
[WhiteElo "2310"]
[BlackElo "2450"]

1.Nf3 Nf6 2.c4 g6 3.g3 Bg7 4.Bg2 O-O 5.d4 d6 6.O-O c6 7.Nc3 Qa5 8.Re1 Nbd7
9.Qc2 e5 10.Bd2 Qc7 11.Rad1 Re8 12.e4 exd4 13.Nxd4 Ng4 14.Bf4 Nge5 15.b3 Nc5
16.h3 Ne6 17.Be3 f5 18.f4 Nf7 19.Qd2 Nc5 20.exf5 gxf5 21.Bf2 Bd7 22.b4 Na6
23.a3 Rad8 24.Rc1 Qc8 25.Nb3 b6 26.Bd4 Rxe1+ 27.Rxe1 Re8 28.Bxg7 Kxg7 29.Kh2 Nc7
30.Nd4 c5 31.Nc2 Rxe1 32.Qxe1 Qd8 33.Ne3 Qf6 34.Ned5 Nxd5 35.Nxd5 Qe6 36.Qc3+ Kf8
37.Nf6 Ke7 38.Nd5+ Kf8 39.b5 Be8 40.a4 Bd7 41.a5 Qe2 42.axb6 axb6 43.Nxb6 Be6
44.Qc1 Nd8 45.Qa1 h5 46.Qf1 Qd2 47.Kh1 Bf7 48.Nd5 Qb2 49.Ne3 Qb3 50.Nxf5 Bxc4
51.Qa1 Ne6 52.Qf6+ Kg8 53.Ne7+  1-0

[Event "Wch U20"]
[Site "Mamaia"]
[Date "1991.??.??"]
[Round "?"]
[White "Jirovsky, Milos"]
[Black "Barcenilla, Rogelio"]
[Result "1-0"]
[WhiteElo "2310"]
[BlackElo "2450"]

1.Nf3 Nf6 2.c4 g6 3.g3 Bg7 4.Bg2 O-O 5.O-O d6 6.d4 Nbd7 7.Qc2 e5 8.Rd1 exd4
9.Nxd4 a5 10.Nc3 Re8 11.b3 Nc5 12.e4 c6 13.f3 Qc7 14.Be3 b6 15.Rd2 Bb7 16.Rad1 h5
17.Bf4 Bf8 18.a3 Ncd7 19.Bg5 Nh7 20.Be3 Rad8 21.Bf2 Bh6 22.f4 Ndf6 23.Re2 Rd7
24.Nf3 Rde7 25.e5 dxe5 26.Nxe5 g5 27.c5 gxf4 28.cxb6 Qc8 29.Nc4 Rxe2 30.Nxe2 Qg4
31.Nd4 fxg3 32.hxg3 Nd5 33.Bf3 Qg5 34.Qf5 Nc3 35.Rf1 Qd8 36.Bxh5 Ng5 37.Nxa5 Bc8
38.Naxc6 Qd6 39.Qd3 Re3 40.Ne7+ Kh8 41.Nxc8 Qe5 42.Qf5 Rxg3+ 43.Bxg3 Qxg3+
44.Kh1 Nce4 45.Qg4 Nf2+ 46.Rxf2 Qxf2 47.Nf3 Qf1+ 48.Ng1 Qf2 49.b7 f5 50.b8=Q fxg4
51.Ne7+ Kg7 52.Qe5+ Kf8 53.Qf5+ Qxf5 54.Nxf5  1-0